| 000 | 00600nam a2200193 a 4500 | ||
|---|---|---|---|
| 001 | BRCA_2668 | ||
| 005 | 20190320203921.0 | ||
| 008 | 021208s1853----gw-a---###---#000-0#ger-u | ||
| 050 | 4 |
_aF1213 _b.H45 1853 |
|
| 100 | 1 |
_aHeller, Carl Bartholomaeus _d1824-1880 _92990 |
|
| 245 | 1 | 0 |
_aReisen in Mexiko in den Jahren 1845-1848 _cVon Carl Bartholomaeus Heller. |
| 260 |
_aLeipzig, Alemania _bW. Engelmann _c1853 |
||
| 300 |
_a432 p. _bil. _c23 cm. _e1 mapa plegable |
||
| 500 | _aB6 | ||
| 650 | 1 | 4 |
_aViajeros alemanes _97026 |
| 651 | 4 |
_aMéxico _xDescripción y viajes _9103 |
|
| 902 | _aGFM | ||
| 942 |
_2lcc _cB |
||
| 999 |
_c2408 _d2408 |
||